[Event "Moscow-ch op Superfinal"]
[Site "Ershovo"]
[Date "2024.02.23"]
[Round "1"]
[White "Pletnev, Evgeniy"]
[Black "Ponkratov, Pavel"]
[Result "0-1"]
[WhiteElo "2172"]
[BlackElo "2614"]
[PlyCount "50"]
[EventDate "2024.02.23"]
[EventType "swiss"]
[EventRounds "10"]
[EventCountry "RUS"]
[SourceTitle "CB10_2024"]
[SourceDate "2024.03.06"]
[SourceVersion "1"]
[SourceVersionDate "2024.03.06"]
[SourceQuality "1"]

1. e4 e5 2. Nf3 Nc6 3. Bc4 Nf6 4. d4 exd4 5. 0-0 Nxe4 6. Re1 d5 7. Bxd5 Qxd5 8. Nc3 Qd7 9. Nxe4 Be7 10. Bg5 0-0 11. Bxe7 Qxe7 12. Nxd4 Bd7 13. Nb5 Rad8 14. Qh5 Qb4 15. Nxc7 Qxb2 16. Rab1 Qxa2 17. Nf6+ gxf6 18. Nd5 Qxc2 19. Rb3 Kh8 20. Rg3 Rde8 21. Ne3 Qc3 22. Rd1 Bc8 23. Rd5 Qa1+ 24. Nf1 f5 25. Rd6 Re1 0-1

[Event "Ufa Startsev Memorial Rapid"]
[Site "Ufa"]
[Date "2024.02.05"]
[Round "6"]
[White "Ponkratov, Pavel"]
[Black "Kezin, Roman"]
[Result "0-1"]
[WhiteElo "2614"]
[BlackElo "2486"]
[PlyCount "75"]
[EventDate "2024.02.04"]
[EventType "swiss (rapid)"]
[EventRounds "11"]
[EventCountry "RUS"]
[SourceTitle "CB07_2024"]
[SourceDate "2024.02.14"]
[SourceVersion "1"]
[SourceVersionDate "2024.02.14"]
[SourceQuality "1"]

1. Nf3 d5 2. g3 Nd7 3. d4 Nb6 4. Bg2 Nf6 5. 0-0 h6 6. b3 Bf5 7. Bb2 e6 8. c4 c6 9. Nfd2 Be7 10. Nc3 0-0 11. Re1 a5 12. Qc1 Qc7 13. a4 Rfd8 14. e3 Bd3 15. Ne2 Bb4 16. Nf4 Bf5 17. Bc3 Qe7 18. Bxb4 Qxb4 19. Bf1 Ne4 20. Nf3 Ng5 21. Nxg5 hxg5 22. Nh3 g4 23. Nf4 Qxb3 24. c5 Nc4 25. e4 Bh7 26. Be2 Qb4 27. exd5 exd5 28. Bxg4 Nd2 29. Qd1 Nb3 30. Ra2 Nxd4 31. Re7 Re8 32. Rxe8+ Rxe8 33. Kg2 Re1 34. Qd2 Qxd2 35. Rxd2 Nb3 36. Rb2 Nxc5 37. Bc8 Kf8 38. Kf3 0-1

[Event "Chessable Masters Play In"]
[Site "Chess.com INT"]
[Date "2024.01.31"]
[Round "5"]
[White "Martinez Alcantara, Jose Eduardo"]
[Black "Ponkratov, Pavel"]
[Result "1-0"]
[WhiteElo "2610"]
[BlackElo "2614"]
[PlyCount "73"]
[EventDate "2024.01.31"]
[EventType "swiss (rapid)"]
[EventRounds "9"]
[EventCountry "USA"]
[SourceTitle "CB06_2024"]
[SourceDate "2024.02.07"]
[SourceVersion "1"]
[SourceVersionDate "2024.02.07"]
[SourceQuality "1"]

1. e4 e6 2. d4 d5 3. exd5 exd5 4. Nf3 Nc6 5. h3 Bd6 6. c4 Nf6 7. c5 Be7 8. Bb5 Bd7 9. 0-0 0-0 10. Nc3 b6 11. cxb6 axb6 12. Re1 Bb4 13. Bg5 Bxc3 14. bxc3 h6 15. Bh4 Nb8 16. Bd3 Ba4 17. Qd2 Qd6 18. Bg3 Qd8 19. Qf4 Ra7 20. Bh4 Qd6 21. Qxd6 cxd6 22. Bxf6 gxf6 23. Rab1 Nd7 24. Nh4 Rc8 25. Re3 Kf8 26. Rbe1 Rac7 27. Nf5 Rxc3 28. Nxd6 Ra8 29. g4 Nb8 30. Re7 Rxd3 31. Rxf7+ Kg8 32. Ree7 Bd7 33. Rg7+ Kh8 34. Rh7+ Kg8 35. Reg7+ Kf8 36. Rg6 Rxh3 37. Rf7# 1-0

[Event "Chessable Masters Play In"]
[Site "Chess.com INT"]
[Date "2024.01.31"]
[Round "2"]
[White "Ponkratov, Pavel"]
[Black "Dominguez Perez, Leinier"]
[Result "1-0"]
[WhiteElo "2614"]
[BlackElo "2752"]
[PlyCount "105"]
[EventDate "2024.01.31"]
[EventType "swiss (rapid)"]
[EventRounds "9"]
[EventCountry "USA"]
[SourceTitle "CB06_2024"]
[SourceDate "2024.02.07"]
[SourceVersion "1"]
[SourceVersionDate "2024.02.07"]
[SourceQuality "1"]

1. e4 e5 2. Nf3 Nc6 3. Bb5 Nf6 4. 0-0 Nxe4 5. d4 Nd6 6. dxe5 Nxb5 7. a4 Nbd4 8. Nxd4 d5 9. c3 Be7 10. f4 0-0 11. Be3 f6 12. Nxc6 bxc6 13. Nd2 fxe5 14. fxe5 Qe8 15. a5 c5 16. Rxf8+ Bxf8 17. Nf3 Qc6 18. a6 Bg4 19. Qa4 Qe6 20. Qf4 Bxf3 21. gxf3 Be7 22. Qg3 Rb8 23. Bc1 Rb6 24. f4 Qf5 25. Qf3 c6 26. Kh1 g6 27. Qe2 Kf7 28. Qf3 Ke6 29. Qe2 Kf7 30. Qf3 Qc2 31. Qh3 h5 32. Qd7 Qd1+ 33. Kg2 Qe2+ 34. Kg1 h4 35. h3 d4 36. Qg4 Qe1+ 37. Kg2 Qe4+ 38. Qf3 Qc2+ 39. Kh1 dxc3 40. bxc3 Rb3 41. e6+ Kg7 42. f5 Rxc3 43. Be3 Qxf5 44. Qxf5 gxf5 45. Rg1+ Kh7 46. Bf4 Rc4 47. Bb8 Ra4 48. Rd1 Kg6 49. Be5 Rxa6 50. Rg1+ Kh5 51. Rg7 Bg5 52. Rxg5+ Kxg5 53. e7 1-0

[Event "Chessable Masters Play In"]
[Site "Chess.com INT"]
[Date "2024.01.31"]
[Round "8"]
[White "Xiong, Jeffery"]
[Black "Ponkratov, Pavel"]
[Result "1-0"]
[WhiteElo "2659"]
[BlackElo "2614"]
[PlyCount "93"]
[EventDate "2024.01.31"]
[EventType "swiss (rapid)"]
[EventRounds "9"]
[EventCountry "USA"]
[SourceTitle "CB06_2024"]
[SourceDate "2024.02.07"]
[SourceVersion "1"]
[SourceVersionDate "2024.02.07"]
[SourceQuality "1"]

1. e4 e6 2. d4 d5 3. exd5 exd5 4. Nf3 Nc6 5. Nc3 Bb4 6. Bd3 Nge7 7. 0-0 Bg4 8. Be3 Qd7 9. h3 Bh5 10. Na4 f6 11. c3 Bd6 12. Nc5 Qc8 13. Be2 a5 14. Nd3 g5 15. Nh2 Bg6 16. f4 Qe6 17. Qd2 Nf5 18. Bf2 0-0-0 19. Rae1 Kb8 20. fxg5 fxg5 21. Qxg5 Qg8 22. Ng4 h6 23. Qd2 Ng3 24. Bxg3 Bxg3 25. Rd1 Be4 26. Bf3 h5 27. Nf6 Qg6 28. Bxe4 dxe4 29. Nc5 Bh4 30. Ncxe4 Bxf6 31. Nxf6 Rd6 32. Qf4 Ka8 33. d5 Ne7 34. Qe5 Nc8 35. Rf2 Rf8 36. Rdf1 Nb6 37. Ne4 Rxf2 38. Rxf2 Rxd5 39. Qxc7 Qxe4 40. Qxb6 Rd1+ 41. Kh2 Qe5+ 42. g3 Qe7 43. Qxa5+ Kb8 44. Qxh5 Ra1 45. Qh8+ Ka7 46. Qd4+ Ka8 47. Rd2 1-0

[Event "Ekaterinburg Scerbin Memorial"]
[Site "Ekaterinburg"]
[Date "2024.01.13"]
[Round "3"]
[White "Polonskii, Artem"]
[Black "Ponkratov, Pavel"]
[Result "0-1"]
[WhiteElo "2112"]
[BlackElo "2614"]
[PlyCount "76"]
[EventDate "2024.01.13"]
[EventType "swiss (rapid)"]
[EventRounds "11"]
[EventCountry "RUS"]
[SourceTitle "CB03_2024"]
[SourceDate "2024.01.17"]
[SourceVersion "1"]
[SourceVersionDate "2024.01.17"]
[SourceQuality "1"]

1. e4 e5 2. Nf3 Nc6 3. Bb5 a6 4. Bxc6 dxc6 5. 0-0 Qf6 6. d4 exd4 7. Bg5 Qd6 8. Nxd4 Bd7 9. Nc3 Qg6 10. Bh4 Ne7 11. f4 0-0-0 12. f5 Qh6 13. Qe1 c5 14. Nb3 c4 15. f6 gxf6 16. Rxf6 Ng6 17. Rxg6 hxg6 18. Bg3 cxb3 19. Bxc7 Bc5+ 20. Kh1 Kxc7 21. Qg3+ Kb6 22. Nd5+ Ka7 23. axb3 Qxh2+ 24. Qxh2 Rxh2+ 25. Kxh2 Be6 26. Rf1 Bd4 27. c3 Be5+ 28. Kg1 Bxd5 29. exd5 Rxd5 30. Rxf7 Rd2 31. Rf2 Rd1+ 32. Rf1 Rxf1+ 33. Kxf1 Kb6 34. Ke2 Kc5 35. Kf3 Kd5 36. Kg4 Bf6 37. Kf4 a5 38. g4 b6 0-1

[Event "Ekaterinburg Scerbin Memorial"]
[Site "Ekaterinburg"]
[Date "2024.01.13"]
[Round "6"]
[White "Ponkratov, Pavel"]
[Black "Drygalov, Sergey"]
[Result "1/2-1/2"]
[WhiteElo "2614"]
[BlackElo "2547"]
[PlyCount "30"]
[EventDate "2024.01.13"]
[EventType "swiss (rapid)"]
[EventRounds "11"]
[EventCountry "RUS"]
[SourceTitle "CB03_2024"]
[SourceDate "2024.01.17"]
[SourceVersion "1"]
[SourceVersionDate "2024.01.17"]
[SourceQuality "1"]

1. e4 c5 2. Nf3 d6 3. d4 cxd4 4. Nxd4 Nf6 5. Bb5+ Bd7 6. c4 a6 7. Bxd7+ Nbxd7 8. Nc3 e6 9. 0-0 Rc8 10. Qb3 Qc7 11. Bg5 Qxc4 12. Qxb7 Rc7 13. Qa8+ Rc8 14. Qb7 Rc7 15. Qa8+ Rc8 1/2-1/2

[Event "Ekaterinburg Scerbin Memorial Blitz"]
[Site "Ekaterinburg"]
[Date "2024.01.12"]
[Round "3"]
[White "Ponkratov, Pavel"]
[Black "Koshulyan, Egor A"]
[Result "1-0"]
[WhiteElo "2614"]
[BlackElo "2136"]
[PlyCount "40"]
[EventDate "2024.01.12"]
[EventType "swiss (blitz)"]
[EventRounds "13"]
[EventCountry "RUS"]
[SourceTitle "CB03_2024"]
[SourceDate "2024.01.17"]
[SourceVersion "1"]
[SourceVersionDate "2024.01.17"]
[SourceQuality "1"]

1. c4 e6 2. Nc3 d5 3. e3 Nf6 4. Nf3 c5 5. cxd5 exd5 6. d4 Nc6 7. Bb5 Bd6 8. dxc5 Bxc5 9. 0-0 0-0 10. b3 Bg4 11. Bb2 Rc8 12. Rc1 Qd6 13. Bxc6 bxc6 14. Na4 Bb4 15. Be5 Qe7 16. Qd4 Bxf3 17. gxf3 Ne8 18. Rc2 Ba3 19. Bg3 f6 20. Nc5 g6 1-0

[Event "Wch Blitz"]
[Site "Samarkand"]
[Date "2023.12.30"]
[Round "15"]
[White "Ponkratov, Pavel"]
[Black "Rakhmatullaev, Almas"]
[Result "1/2-1/2"]
[WhiteElo "2608"]
[BlackElo "2383"]
[PlyCount "109"]
[EventDate "2023.12.29"]
[EventType "swiss (blitz)"]
[EventRounds "21"]
[EventCountry "UZB"]
[SourceTitle "CB01_2024"]
[SourceDate "2024.01.03"]
[SourceVersion "1"]
[SourceVersionDate "2024.01.03"]
[SourceQuality "1"]

1. c4 Nf6 2. Nc3 g6 3. e4 d6 4. d4 Bg7 5. f4 0-0 6. Nf3 e6 7. Bd3 Nc6 8. 0-0 Nd7 9. Be3 f5 10. e5 Nb6 11. a3 d5 12. c5 Nd7 13. b4 Ne7 14. Kh1 h6 15. Rg1 Rf7 16. g4 fxg4 17. Rxg4 Nf8 18. Ra2 Nf5 19. Bc1 Bd7 20. Rag2 Be8 21. Rg1 b6 22. Ne2 a5 23. b5 c6 24. a4 Rb8 25. cxb6 Rxb6 26. Ba3 Ne3 27. Qd2 Nxg4 28. Rxg4 cxb5 29. axb5 Bxb5 30. Bxf8 Bxd3 31. Qxd3 Qxf8 32. Qxg6 Qa3 33. Rg3 Qe3 34. Qxf7+ Kxf7 35. Ng5+ hxg5 36. Rxe3 gxf4 37. Ra3 Rb5 38. Nxf4 Bf8 39. Rf3 a4 40. Nxd5+ Kg7 41. Rg3+ Kh6 42. Nc3 Ra5 43. Rf3 Bb4 44. Na2 Bd2 45. Rf6+ Kg5 46. Rxe6 Kf4 47. Kg2 Rb5 48. Ra6 Ba5 49. e6 Rb2+ 50. Kh3 Bd8 51. Rxa4 Kf5 52. d5 Bc7 53. d6 Bxd6 54. Ra5+ Kxe6 55. Kg4 1/2-1/2

[Event "Wch Blitz"]
[Site "Samarkand"]
[Date "2023.12.30"]
[Round "17"]
[White "Ponkratov, Pavel"]
[Black "Urazayev, Arystanbek"]
[Result "1-0"]
[WhiteElo "2608"]
[BlackElo "2472"]
[PlyCount "93"]
[EventDate "2023.12.29"]
[EventType "swiss (blitz)"]
[EventRounds "21"]
[EventCountry "UZB"]
[SourceTitle "CB01_2024"]
[SourceDate "2024.01.03"]
[SourceVersion "1"]
[SourceVersionDate "2024.01.03"]
[SourceQuality "1"]

1. c4 e6 2. Nc3 d5 3. e3 Nf6 4. Nf3 Bd6 5. b3 0-0 6. Bb2 c5 7. g4 d4 8. exd4 e5 9. d5 e4 10. Ng5 Bxg4 11. Be2 Bf5 12. Rg1 Bxh2 13. Rg2 Be5 14. Qc2 h6 15. Ngxe4 Bxc3 16. Qxc3 Bxe4 17. f3 Bg6 18. 0-0-0 Nbd7 19. Rdg1 Re8 20. f4 Kf8 21. f5 Bxf5 22. Rxg7 Rxe2 23. Qf3 Qe7 24. Qxf5 Re1+ 25. Kc2 Rxg1 26. Rxg1 Qe4+ 27. Qxe4 Nxe4 28. Bg7+ Ke7 29. Re1 f5 30. d3 Kf7 31. dxe4 Kxg7 32. e5 Nxe5 33. Rxe5 Kf6 34. Re6+ Kg5 35. Re7 f4 36. Kd3 b6 37. Ke4 Rf8 38. Rg7+ Kh4 39. Kf3 a5 40. Rg6 h5 41. Rxb6 Kg5 42. d6 Re8 43. Rc6 Re3+ 44. Kf2 Rd3 45. Rxc5+ Kf6 46. Rxh5 Ke6 47. Rxa5 1-0

[Event "Wch Blitz"]
[Site "Samarkand"]
[Date "2023.12.29"]
[Round "8"]
[White "Seemann, Jakub"]
[Black "Ponkratov, Pavel"]
[Result "0-1"]
[WhiteElo "2441"]
[BlackElo "2608"]
[PlyCount "82"]
[EventDate "2023.12.29"]
[EventType "swiss (blitz)"]
[EventRounds "21"]
[EventCountry "UZB"]
[SourceTitle "CB01_2024"]
[SourceDate "2024.01.03"]
[SourceVersion "1"]
[SourceVersionDate "2024.01.03"]
[SourceQuality "1"]

1. d4 Nf6 2. c4 e6 3. Nc3 Bb4 4. e3 0-0 5. Bd2 Re8 6. Nf3 d5 7. cxd5 exd5 8. Bd3 c6 9. 0-0 Bg4 10. h3 Bh5 11. Qb3 Qe7 12. Ne5 Bg6 13. Nxg6 hxg6 14. Rfe1 Nbd7 15. a3 Bxc3 16. bxc3 b5 17. f3 a6 18. e4 c5 19. exd5 Qd6 20. c4 cxd4 21. Bb4 Qg3 22. cxb5 Ne5 23. Rxe5 Qxe5 24. Re1 Qg5 25. Rxe8+ Rxe8 26. d6 Nh5 27. Be4 Nf4 28. Qc2 axb5 29. Kh2 f5 30. d7 Rd8 31. Bc6 Qf6 32. Ba5 Qd6 33. Bxd8 d3 34. Qa2+ Kh7 35. Bg5 Ne6+ 36. f4 Nxg5 37. d8Q Qxd8 38. fxg5 Qd6+ 39. Kg1 Qxc6 40. Qd2 Qc2 41. Qf4 d2 0-1

[Event "Wch Rapid"]
[Site "Samarkand"]
[Date "2023.12.28"]
[Round "11"]
[White "Radjabov, Teimour"]
[Black "Ponkratov, Pavel"]
[Result "1/2-1/2"]
[WhiteElo "2723"]
[BlackElo "2608"]
[PlyCount "63"]
[EventDate "2023.12.26"]
[EventType "swiss (rapid)"]
[EventRounds "13"]
[EventCountry "UZB"]
[SourceTitle "CB01_2024"]
[SourceDate "2024.01.03"]
[SourceVersion "1"]
[SourceVersionDate "2024.01.03"]
[SourceQuality "1"]

1. e4 e6 2. d4 d5 3. exd5 exd5 4. Bd3 Bd6 5. Nf3 Ne7 6. 0-0 Nbc6 7. h3 Nb4 8. Be2 c5 9. c3 Nbc6 10. dxc5 Bxc5 11. Nbd2 Qc7 12. Nb3 Bb6 13. Nbd4 0-0 14. Be3 a6 15. Qd2 Ng6 16. Rfe1 Na5 17. b3 Qd6 18. Rad1 Rd8 19. Bd3 Bc7 20. Nf5 Bxf5 21. Bxf5 Nc6 22. Bg5 f6 23. Re6 Qa3 24. Bxg6 hxg6 25. Bxf6 gxf6 26. Qh6 Qf8 27. Qxg6+ Qg7 28. Qh5 Qf7 29. Qg4+ Qg7 30. Qh5 Qf7 31. Qg4+ Qg7 32. Qh5 1/2-1/2

[Event "Wch Rapid"]
[Site "Samarkand"]
[Date "2023.12.26"]
[Round "5"]
[White "Ponkratov, Pavel"]
[Black "Caruana, Fabiano"]
[Result "1-0"]
[WhiteElo "2608"]
[BlackElo "2794"]
[PlyCount "131"]
[EventDate "2023.12.26"]
[EventType "swiss (rapid)"]
[EventRounds "13"]
[EventCountry "UZB"]
[SourceTitle "CB01_2024"]
[SourceDate "2024.01.03"]
[SourceVersion "1"]
[SourceVersionDate "2024.01.03"]
[SourceQuality "1"]

1. e4 e5 2. Nf3 Nc6 3. Bb5 a6 4. Ba4 Nf6 5. 0-0 Be7 6. Re1 b5 7. Bb3 d6 8. c3 0-0 9. h3 Na5 10. Bc2 c5 11. d4 Qc7 12. d5 Nc4 13. a4 Nb6 14. a5 Nc4 15. b4 cxb4 16. cxb4 Bd7 17. Bd3 Rac8 18. Ra2 Qb7 19. Rc2 h6 20. Nc3 Nh7 21. Ne2 f5 22. exf5 Bxf5 23. Ng3 Bxd3 24. Qxd3 Rf7 25. Nd2 Nf6 26. Nxc4 bxc4 27. Rxc4 Rxc4 28. Qxc4 Nxd5 29. Bd2 Bf8 30. Rc1 Nf4 31. Qc6 d5 32. Qxb7 Rxb7 33. Rc6 Ra7 34. Kf1 Nd3 35. Rb6 Rc7 36. Ke2 e4 37. Nf5 Rc2 38. Ne3 Nf4+ 39. Kd1 Ra2 40. Bc3 Rxf2 41. Rxa6 d4 42. Bxd4 Bxb4 43. Nc4 Rxg2 44. Ra8+ Kh7 45. a6 Ra2 46. a7 Ne2 47. Bb2 Nc3+ 48. Kc2 e3 49. Re8 e2 50. Na3 Nd1 51. Rxe2 Nxb2 52. a8Q Nc4+ 53. Kb1 Rxe2 54. Nxc4 Bc3 55. Qf3 Re1+ 56. Kc2 Bf6 57. Kd3 Ra1 58. Qf5+ Kg8 59. Nb6 Ra3+ 60. Kc4 Rc3+ 61. Kd5 Rb3 62. Kc6 Rc3+ 63. Kd7 Rc1 64. Qe6+ Kh7 65. Nd5 Bg5 66. h4 1-0

[Event "Moscow Dvoretsky Memorial Blitz"]
[Site "Moscow"]
[Date "2023.12.09"]
[Round "3"]
[White "Ponkratov, Pavel"]
[Black "Dreev, Alexey"]
[Result "1-0"]
[WhiteElo "2608"]
[BlackElo "2606"]
[PlyCount "128"]
[EventDate "2023.12.09"]
[EventType "tourn (blitz)"]
[EventRounds "11"]
[EventCountry "RUS"]
[EventCategory "15"]
[SourceTitle "CB50_2023"]
[SourceDate "2023.12.13"]
[SourceVersion "1"]
[SourceVersionDate "2023.12.13"]
[SourceQuality "1"]

1. e4 c6 2. d4 d5 3. e5 c5 4. dxc5 e6 5. Qg4 a6 6. Nf3 Nd7 7. Be3 Qc7 8. Be2 Nxe5 9. Nxe5 Qxe5 10. Bd4 Qe4 11. Qxe4 dxe4 12. Nd2 Nf6 13. 0-0-0 Bd7 14. Rhe1 Bc6 15. Nc4 Be7 16. Na5 Rc8 17. b4 0-0 18. Kb2 Nd5 19. a3 f5 20. Nxc6 Rxc6 21. f3 e3 22. c4 Nf4 23. Bf1 e2 24. Bxe2 e5 25. Bxe5 Nxg2 26. Rg1 Rg6 27. Rd7 Bh4 28. Rxb7 Re8 29. c6 Rxe5 30. Rb8+ Kf7 31. c7 Rxe2+ 32. Kb3 Rc6 33. c8R Rxc8 34. Rxc8 Bf6 35. Rd1 Nf4 36. c5 Ne6 37. Ka4 Re3 38. c6 Bb2 39. Ka5 Rxa3+ 40. Kb6 Rb3 41. Kxa6 Rxb4 42. c7 Nxc7+ 43. Rxc7+ Kf6 44. Rg1 g6 45. Rxh7 Bd4 46. Rc1 Rb3 47. f4 Ke6 48. Rc6+ Kd5 49. Rxg6 Ke4 50. Rh4 Bf2 51. Rh8 Kxf4 52. h4 Rh3 53. h5 Bd4 54. Rh7 Ke4 55. h6 Be3 56. Re7+ Kf3 57. h7 Bd4 58. Rg8 f4 59. Rd7 Be5 60. Kb5 Ke4 61. Re7 f3 62. h8Q Rxh8 63. Rxh8 Kd5 64. Kb6 Kd6 1-0